header

Yes, comrade! (Record no. 134153)

MARC details
000 -LEADER
fixed length control field 01308nam a2200349Ia 4500
082 04 - DEWEY DECIMAL CLASSIFICATION NUMBER
Classification number 869.3
100 1# - MAIN ENTRY--AUTHOR NAME
Personal name Rui, Manuel.
245 10 - TITLE STATEMENT
Title Yes, comrade!
260 ## - PUBLICATION, DISTRIBUTION, ETC. (IMPRINT)
Place of publication Minneapolis :
Name of publisher University of Minnesota Press,
Year of publication c1993.
300 ## - PHYSICAL DESCRIPTION
Number of Pages xxvi, 148 p.
490 1# - SERIES STATEMENT
Series statement Emergent literatures
650 #0 - SUBJECT ADDED ENTRY--TOPICAL TERM
Topical Term Portuguese literature.
856 40 - ELECTRONIC LOCATION AND ACCESS
Uniform Resource Identifier http://site.ebrary.com/lib/rucke/Doc?id=10159504

No items available.

© 2026 Rongo University
Contact us: librarian | system librarian | Rongo university